LIBRARY & INFORMATION CENTRE, KCAET, TAVANUR

ONLINE PUBLIC ACCESS CATALOGUE (OPAC)

Development and Performance Evaluation of a Tractor Operated Tapioca Harvester (Record no. 17734)

MARC details
000 -LEADER
fixed length control field 00484nam a22001577a 4500
003 - CONTROL NUMBER IDENTIFIER
control field OSt
082 ## - DEWEY DECIMAL CLASSIFICATION NUMBER
Classification number 631.3
Item number KAL/DE
088 ## - REPORT NUMBER
Report number T 595
100 ## - MAIN ENTRY--AUTHOR NAME
Personal name KALYAN CHAKRAVARTHI N L
245 ## - TITLE STATEMENT
Title Development and Performance Evaluation of a Tractor Operated Tapioca Harvester
260 ## - PUBLICATION, DISTRIBUTION, ETC. (IMPRINT)
Place of publication Tavanur
Name of publisher Department of Farm Machinery and Power Engineering
Year of publication 2023
300 ## - PHYSICAL DESCRIPTION
Number of Pages 143
700 ## - ADDED ENTRY--PERSONAL NAME
Personal name Jayan P R
856 ## - ELECTRONIC LOCATION AND ACCESS
Uniform Resource Identifier http://14.139.181.140:8080//jspui/handle/123456789/1829
942 ## - ADDED ENTRY ELEMENTS (KOHA)
Koha item type Theses
Holdings
Home library Current library Full call number Accession Number Koha item type Public note
KAUAET KAUAET 631.3 KAL/DE T 595 Theses PhD Thesis
free website counter